| 000 | 00357 a2200157 4500 | ||
|---|---|---|---|
| 001 | 57419 | ||
| 020 | _a978853596011 | ||
| 040 | _cAnchieta - Pituba | ||
| 100 | _aPinguilly, Yves | ||
| 240 | 1 | 0 |
_aContos e lendas da África _lpor |
| 245 | 1 | 0 | _aContos e lendas da África |
| 300 | _a254 | ||
| 362 | 0 | _a2007 | |
| 650 | 4 | _aLiteraturas africanas | |
| 942 | _cBK | ||
| 999 |
_c57419 _d57419 |
||